Atypical Forms of Employment in SMEs: Case Study of Nitra Region

Formy zamestnanosti v malých a stredných podnikoch v Nitrianskom kraji s osobitným zreteľom na tzv. atypické formy zamestnania, ktoré poskytujú nové možnosti pre malé a stredné podniky, zavádzajú možnosť znížiť náklady na sociálne príspevky. Atypické formy zamestnania sa uplatňujú nielen v podnikoch...

Descrizione completa

Salvato in:
Dettagli Bibliografici
Autore principale: Korcsmáros, Enikö
Natura: Capitolo di libro
Lingua:inglese
Soggetti:
Tags: Aggiungi Tag
Nessun Tag, puoi essere il primo ad aggiungerne!!

MARC

LEADER 00000naa a2200000 4500
001 0277349
005 20220617093040.9
041 0 |a eng 
044 |a SK 
245 1 0 |a Atypical Forms of Employment in SMEs: Case Study of Nitra Region  |c Enikö Korcsmáros 
520 |a Formy zamestnanosti v malých a stredných podnikoch v Nitrianskom kraji s osobitným zreteľom na tzv. atypické formy zamestnania, ktoré poskytujú nové možnosti pre malé a stredné podniky, zavádzajú možnosť znížiť náklady na sociálne príspevky. Atypické formy zamestnania sa uplatňujú nielen v podnikoch pôsobiacich v poľnohospodárstve, ale aj v iných odvetviach hospodárstva. Mikropodniky využívajú atypické formy zamestnania najmä pokiaľ ide o ich aktívnu pracovnú silu. 
610 2 0 |a zamestnanosť 
610 2 0 |a zamestnanie 
610 2 0 |a podnik malý 
610 2 0 |a podnik stredný 
610 2 0 |a Slovensko 
100 1 |a Korcsmáros, Enikö